000
00303nam a22001337a 4500
008
211018b ||||| |||| 00| 0 eng d
041
_a
eng
080
_2
2nd
_a
579
082
_a
579
100
_a
11
101
_a
MIK
245
_a
Microbiology An Evolving Science
_c
Slonczewski,J.L
942
_2
ddc
_c
BK
999
_c
58255
_d
58255